000 00603nam a2200181Ia 4500
003 GCL
008 140319s9999 xx 000 0 ara d
040 _aGCL /
_cGCL
082 0 4 _aط
_b372.61
_bا ق
100 1 _aاحمد الخوص
245 1 0 _aقصة الاعراب للاطفال: اسلوب متطور فى القواعد العربية: مصور /
_cاحمد الخوص
300 _aمتعدد
490 _aالهيئة العامة للاستعلامات
_v0
650 0 4 _aالتعليم
650 0 4 _aالاطفال
650 0 4 _aاللغة العربية - قواعد
942 _2ddc
_cBK
999 _c50091
_d50091